[Event "DLM 2007"]
[Site "Verden/Aller GER"]
[Date "2007.09.30"]
[Round "3"]
[White "Kühnel, Lena"]
[Black "Schreiber, Kevin"]
[Result "0-1"]
[Termination "normal"]
[Board "3.7"]
[WhiteElo "1639"]
[BlackElo "1272"]
[WhiteTeam "Baden"]
[BlackTeam "Mecklenburg-Vorpommern"]
[PlyCount "78"]
[WhiteFideId "24640956"]
[BlackFideId "24655830"]
[EventCountry "GER"]
[EventRounds "7"]
[EventType "team-swiss"]
[EventDate "2007.09.28"]

1. e4 d5 2. exd5 Qxd5 3. Nc3 Qd6 4. d4 Nf6 5. Be3 c6 6. Bc4 Bf5 7. Nf3 e6 8. h3
Nbd7 9. Qd2 Be7 10. a3 Qc7 11. Bb3 Qa5 12. Bf4 Bb4 13. O-O Bxc3 14. Qxc3 Qxc3
15. bxc3 Ne4 16. c4 Ndf6 17. Ne5 Rd8 18. Rad1 Nc3 19. Rde1 Rxd4 20. Be3 Rd8 21.
Bxa7 Ra8 22. Bd4 Nce4 23. Ra1 O-O 24. Rfd1 h6 25. h4 h5 26. f3 Rfd8 27. fxe4
Nxe4 28. Bb2 Bg4 29. Nxg4 hxg4 30. Kf1 f5 31. Bd4 f4 32. Bb6 Rf8 33. Re1 Ng3+
34. Kf2 Rae8 35. Bc7 Kf7 36. Bd6 Rh8 37. Bxf4 Nf5 38. g3 Ref8 39. Re5 Nd4 0-1

[Event "DLM 2007"]
[Site "Verden/Aller GER"]
[Date "2007.09.30"]
[Round "3"]
[White "Richter, Jannina"]
[Black "Schmitt, Katrin"]
[Result "0-1"]
[Termination "normal"]
[Board "3.8"]
[WhiteElo "1158"]
[BlackElo "1430"]
[WhiteTeam "Mecklenburg-Vorpommern"]
[BlackTeam "Baden"]
[PlyCount "119"]
[BlackFideId "24654400"]
[EventCountry "GER"]
[EventRounds "7"]
[EventType "team-swiss"]
[EventDate "2007.09.28"]

1. e4 e5 2. Bc4 Nc6 3. d3 Bc5 4. Nf3 Nf6 5. Nc3 d6 6. Bg5 h6 7. Bh4 Be6 8. Bb3
a6 9. Bxe6 fxe6 10. Na4 Ba7 11. Nc3 g5 12. Bg3 Qd7 13. h3 O-O-O 14. Qd2 Rdf8
15. O-O-O Nd4 16. Nxd4 Bxd4 17. Ne2 Bb6 18. Nc3 Rf7 19. f3 Nh5 20. Bf2 Bxf2 21.
Qxf2 Nf4 22. Qa7 Qd8 23. Qa8+ Kd7 24. Qxd8+ Rxd8 25. Rhg1 b5 26. Kd2 Kc8 27.
Ne2 Rg8 28. Nxf4 gxf4 29. Kc3 Rfg7 30. Rd2 Rg3 31. Rh1 Rxg2 32. Rdd1 Rf2 33.
Rhf1 Rxf1 34. Rxf1 Rg3 35. h4 a5 36. a3 Kd7 37. Kd2 c5 38. Ke2 d5 39. Kf2 Ke7
40. Rh1 Kf6 41. h5 Kg5 42. Rh2 Kf6 43. Rh1 Ke7 44. Rh2 Kd6 45. Rh1 Kc6 46. Rh2
c4 47. dxc4 bxc4 48. Ke2 d4 49. Kd2 Rxf3 50. Rg2 Rg3 51. Rh2 f3 52. Ke1 Rg2 53.
Rh3 Rxc2 54. Rxf3 Rxb2 55. Rf6 Kd6 56. Rxh6 c3 57. Rg6 d3 58. h6 Rb1+ 59. Kf2
Rh1 60. Rg3 0-1

[Event "DLM 2007"]
[Site "Verden/Aller GER"]
[Date "2007.09.30"]
[Round "3"]
[White "Becker, Carsten"]
[Black "Holloway, Timo"]
[Result "0-1"]
[Termination "normal"]
[Board "4.1"]
[WhiteElo "1955"]
[BlackElo "2092"]
[WhiteTeam "Saarland"]
[BlackTeam "Niedersachsen II"]
[PlyCount "110"]
[WhiteFideId "24646822"]
[BlackFideId "24631426"]
[EventCountry "GER"]
[EventRounds "7"]
[EventType "team-swiss"]
[EventDate "2007.09.28"]

1. d4 Nf6 2. Nf3 e6 3. e3 b6 4. Bd3 Bb7 5. Nbd2 c5 6. b3 Be7 7. Bb2 O-O 8. Rg1
cxd4 9. exd4 d6 10. Qe2 Nbd7 11. O-O-O Nd5 12. Kb1 a5 13. a3 a4 14. b4 Qc7 15.
c4 Nf4 16. Qe3 Nxd3 17. Qxd3 d5 18. c5 bxc5 19. dxc5 e5 20. Rge1 Bf6 21. Ne4
dxe4 22. Qxd7 Qxd7 23. Rxd7 Bc8 24. Nxe5 Bxe5 25. Re7 Bxb2 26. Kxb2 Rd8 27.
R1xe4 Be6 28. b5 Kf8 29. Rc7 Rd2+ 30. Kc3 Rad8 31. Kb4 Rb2+ 32. Ka5 Ra8+ 33.
Kb6 Rb8+ 34. Kc6 R2xb5 35. Rxa4 Rb2 36. Rd4 Rxf2 37. a4 Rxg2 38. Rb7 Rc8+ 39.
Rc7 Rb8 40. Rb7 Rxb7 41. Kxb7 Rxh2 42. a5 Rb2+ 43. Kc6 Ra2 44. Kb6 Ke7 45. a6
Bc8 46. a7 g5 47. c6 f5 48. Kc7 Be6 49. Kb8 g4 50. a8=Q Rxa8+ 51. Kxa8 g3 52.
Rh4 g2 53. Rxh7+ Kd6 54. Rg7 Bd5 55. Rg6+ Kc7 0-1

[Event "DLM 2007"]
[Site "Verden/Aller GER"]
[Date "2007.09.30"]
[Round "3"]
[White "Bradler, Stephan"]
[Black "Dietzen, Corinna"]
[Result "1-0"]
[Termination "normal"]
[Board "4.2"]
[WhiteElo "1851"]
[BlackElo "2034"]
[WhiteTeam "Niedersachsen II"]
[BlackTeam "Saarland"]
[PlyCount "83"]
[WhiteFideId "24629367"]
[BlackFideId "24621021"]
[EventCountry "GER"]
[EventRounds "7"]
[EventType "team-swiss"]
[EventDate "2007.09.28"]

1. e4 e5 2. Nf3 Nf6 3. Nxe5 d6 4. Nf3 Nxe4 5. Nc3 Nxc3 6. dxc3 Be7 7. Bf4 O-O
8. Qd2 Nd7 9. O-O-O Nc5 10. h3 Re8 11. Bd3 Nxd3+ 12. Qxd3 Bd7 13. Rdg1 b5 14.
Nd4 Rb8 15. g4 b4 16. c4 a5 17. h4 Qc8 18. h5 a4 19. g5 g6 20. hxg6 fxg6 21.
Rh4 Rf8 22. Rgh1 Bf5 23. Nxf5 Qxf5 24. Qxf5 Rxf5 25. Rxh7 Rxf4 26. Rh8+ Kf7 27.
R1h7+ Ke6 28. Rxb8 Bxg5 29. Re8+ Kf5 30. Rf8+ Kg4 31. Rxf4+ Bxf4+ 32. Kd1 c5
33. Ke2 Be5 34. Rd7 g5 35. c3 a3 36. bxa3 bxc3 37. Rh7 c2 38. Rh1 Bf4 39. a4 d5
40. a5 d4 41. a6 Bb8 42. Rc1 1-0

[Event "DLM 2007"]
[Site "Verden/Aller GER"]
[Date "2007.09.30"]
[Round "3"]
[White "Panflenko, Wladimir"]
[Black "Kyas, Marcel"]
[Result "1/2-1/2"]
[Termination "normal"]
[Board "4.3"]
[WhiteElo "1766"]
[BlackElo "1952"]
[WhiteTeam "Saarland"]
[BlackTeam "Niedersachsen II"]
[PlyCount "63"]
[WhiteFideId "4658299"]
[BlackFideId "24642037"]
[EventCountry "GER"]
[EventRounds "7"]
[EventType "team-swiss"]
[EventDate "2007.09.28"]

1. d4 Nf6 2. c4 g6 3. Nc3 Bg7 4. e4 d6 5. Be2 O-O 6. Bg5 Na6 7. g4 e5 8. d5 c6
9. h4 cxd5 10. cxd5 Qa5 11. f3 Bd7 12. a4 Nc5 13. Bd2 Qb6 14. b4 Qxb4 15. Nb5
Qb3 16. Nxd6 Bxa4 17. Qxb3 Bxb3 18. Rc1 b6 19. Be3 Nfd7 20. Bb5 Rad8 21. Rc3 a6
22. Bxd7 Rxd7 23. Nxf7 Rdxf7 24. Bxc5 Rc8 25. Rxb3 bxc5 26. Rh2 c4 27. Ra3 c3
28. Rc2 Bf8 29. Rxa6 Rb8 30. d6 Rc8 31. Kf2 Rb7 32. Ne2 1/2-1/2

[Event "DLM 2007"]
[Site "Verden/Aller GER"]
[Date "2007.09.30"]
[Round "3"]
[White "Günnigmann, Manuel"]
[Black "Müller, Denis"]
[Result "1-0"]
[Termination "normal"]
[Board "4.4"]
[WhiteElo "1969"]
[BlackElo "1810"]
[WhiteTeam "Niedersachsen II"]
[BlackTeam "Saarland"]
[PlyCount "45"]
[WhiteFideId "24640360"]
[BlackFideId "4696140"]
[EventCountry "GER"]
[EventRounds "7"]
[EventType "team-swiss"]
[EventDate "2007.09.28"]

1. e4 e6 2. d4 d5 3. Nc3 Bb4 4. e5 Ne7 5. a3 Bxc3+ 6. bxc3 c5 7. Qg4 Qc7 8. Bd3
cxd4 9. Ne2 dxc3 10. Qxg7 Rg8 11. Qxh7 Nbc6 12. Bf4 Bd7 13. O-O O-O-O 14. Bg3
Rh8 15. Qxf7 Rdf8 16. Qg7 Rfg8 17. Qf6 Rf8 18. Qg5 Nf5 19. Bxf5 Rxf5 20. Qe3
Ne7 21. Qxa7 Kd8 22. Rab1 Bc6 23. Nd4 1-0

[Event "DLM 2007"]
[Site "Verden/Aller GER"]
[Date "2007.09.30"]
[Round "3"]
[White "Wilhelm, Robin"]
[Black "Schreiner, Till"]
[Result "0-1"]
[Termination "normal"]
[Board "4.5"]
[WhiteElo "1549"]
[BlackElo "2003"]
[WhiteTeam "Saarland"]
[BlackTeam "Niedersachsen II"]
[PlyCount "39"]
[WhiteFideId "4659627"]
[BlackFideId "24675555"]
[EventCountry "GER"]
[EventRounds "7"]
[EventType "team-swiss"]
[EventDate "2007.09.28"]

1. e4 c5 2. Nf3 d6 3. Bc4 e6 4. Nc3 Nf6 5. d3 a6 6. a4 Be7 7. Be3 Nc6 8. O-O
O-O 9. d4 cxd4 10. Nxd4 Qc7 11. Qf3 Ne5 12. Qg3 Qxc4 13. f4 Neg4 14. Rad1 Nxe3
15. Qxe3 Bd7 16. Rf3 e5 17. fxe5 dxe5 18. Nb3 Bg4 19. Rg3 Bxd1 20. Nxd1 0-1

[Event "DLM 2007"]
[Site "Verden/Aller GER"]
[Date "2007.09.30"]
[Round "3"]
[White "Sonnhalter, Stella"]
[Black "Mai, Felicitas"]
[Result "0-1"]
[Termination "normal"]
[Board "4.7"]
[WhiteElo "1462"]
[BlackElo "1616"]
[WhiteTeam "Saarland"]
[BlackTeam "Niedersachsen II"]
[PlyCount "50"]
[WhiteFideId "4624815"]
[BlackFideId "4635345"]
[EventCountry "GER"]
[EventRounds "7"]
[EventType "team-swiss"]
[EventDate "2007.09.28"]

1. e4 e6 2. d3 d5 3. Nd2 Nf6 4. g3 c5 5. Bg2 Nc6 6. Ngf3 Be7 7. O-O O-O 8. e5
Nd7 9. Re1 f6 10. exf6 Nxf6 11. d4 cxd4 12. Nb3 Qb6 13. Nbxd4 Nxd4 14. Qxd4 Bc5
15. Qd2 Ne4 16. Qe2 Bxf2+ 17. Kf1 Bxe1 18. Qxe1 Bd7 19. Be3 d4 20. Bf2 Nxf2 21.
Qxf2 e5 22. Re1 Rae8 23. Kg1 e4 24. Qxd4 exf3 25. Qxb6 Rxe1+ 0-1

[Event "DLM 2007"]
[Site "Verden/Aller GER"]
[Date "2007.09.30"]
[Round "3"]
[White "Flacke, Leonie"]
[Black "Freis, Katrin"]
[Result "1/2-1/2"]
[Termination "normal"]
[Board "4.8"]
[WhiteElo "1052"]
[BlackElo "1047"]
[WhiteTeam "Niedersachsen II"]
[BlackTeam "Saarland"]
[PlyCount "42"]
[BlackFideId "24655783"]
[EventCountry "GER"]
[EventRounds "7"]
[EventType "team-swiss"]
[EventDate "2007.09.28"]

1. e4 e5 2. Nf3 Nc6 3. Bc4 Bc5 4. Nc3 Nf6 5. d3 h6 6. Be3 Bb6 7. Qd2 d6 8. h3
Be6 9. Bb3 Qd7 10. O-O-O O-O-O 11. Rhe1 Nd4 12. Bxd4 Bxd4 13. Nxd4 exd4 14. Ba4
c6 15. Ne2 d5 16. Nxd4 dxe4 17. Nxe6 fxe6 18. Qc3 exd3 19. Rxd3 Nd5 20. Qa5 b6
21. Qa6+ Qb7 1/2-1/2

[Event "DLM 2007"]
[Site "Verden/Aller GER"]
[Date "2007.09.30"]
[Round "3"]
[White "Bracker, Frank"]
[Black "Siebarth, Raiko"]
[Result "0-1"]
[Termination "time forfeit"]
[Board "5.1"]
[WhiteElo "2198"]
[BlackElo "2182"]
[WhiteTeam "Hamburg"]
[BlackTeam "Thüringen"]
[PlyCount "78"]
[WhiteFideId "24614343"]
[BlackFideId "4674766"]
[EventCountry "GER"]
[EventRounds "7"]
[EventType "team-swiss"]
[EventDate "2007.09.28"]

1. e4 c5 2. Nf3 d6 3. d4 cxd4 4. Nxd4 Nf6 5. Nc3 a6 6. Bg5 e6 7. f4 Qb6 8. Qd2
Nc6 9. Bxf6 gxf6 10. Nb3 Bd7 11. O-O-O O-O-O 12. Be2 h5 13. Rhf1 Be7 14. Kb1
Kb8 15. Rf3 Rdg8 16. Bf1 Rc8 17. a3 Na5 18. Nd5 exd5 19. Nxa5 Ba4 20. Bd3 Rc5
21. Nb3 Bxb3 22. cxb3 Qxb3 23. Bc2 Qb5 24. exd5 h4 25. Rb3 Qd7 26. Re1 Rhc8 27.
Bd3 Ka8 28. Qe2 R8c7 29. Ka2 Ka7 30. Qh5 Bd8 31. Qxh4 Rxd5 32. Qf2+ Rdc5 33.
Rc1 b6 34. Re1 d5 35. h4 d4 36. h5 Rxh5 37. f5 Rc5 38. Qe2 Rg5 39. Qf3 Bc7 0-1

[Event "DLM 2007"]
[Site "Verden/Aller GER"]
[Date "2007.09.30"]
[Round "3"]
[White "Schneider, Christian"]
[Black "Möller, Hendrik"]
[Result "0-1"]
[Termination "normal"]
[Board "5.2"]
[WhiteElo "2081"]
[BlackElo "2175"]
[WhiteTeam "Thüringen"]
[BlackTeam "Hamburg"]
[PlyCount "114"]
[WhiteFideId "24613886"]
[BlackFideId "24604917"]
[EventCountry "GER"]
[EventRounds "7"]
[EventType "team-swiss"]
[EventDate "2007.09.28"]

1. Nc3 d5 2. e4 d4 3. Nce2 c5 4. Ng3 Nc6 5. Bc4 e5 6. d3 Nf6 7. N1e2 Bd6 8. O-O
O-O 9. a3 Be6 10. b3 Bg4 11. f3 Bd7 12. f4 Rb8 13. a4 a6 14. fxe5 Nxe5 15. Bg5
Neg4 16. h3 h6 17. Bxf6 Nxf6 18. a5 g6 19. Nf4 Kg7 20. Qf3 Qe7 21. Nge2 Qe5 22.
g3 Nh7 23. Qg2 Ng5 24. h4 Nh7 25. Nd5 Bg4 26. Rf4 Qh5 27. Rf2 Bxe2 28. Rxe2
Bxg3 29. Qxg3 Qxe2 30. Qe5+ f6 31. Qc7+ Kh8 32. Nf4 Qg4+ 33. Ng2 Qc8 34. Qg3
Qe8 35. Rf1 Rc8 36. Nf4 g5 37. Ne6 Rg8 38. Nc7 Rxc7 39. Qxc7 Rg7 40. Qxc5 gxh4+
41. Kh1 Rg3 42. Qf5 Rg5 43. Qh3 Rxa5 44. Rg1 Rg5 45. Rf1 b5 46. Bd5 a5 47. Ra1
a4 48. bxa4 bxa4 49. Qh2 Kg7 50. Rb1 Re5 51. Qg1+ Ng5 52. Qxd4 Qc8 53. Qe3 Qxc2
54. Rg1 Qc8 55. Qa7+ Kh8 56. Qe3 Qe8 57. Ra1 Rxd5 0-1

[Event "DLM 2007"]
[Site "Verden/Aller GER"]
[Date "2007.09.30"]
[Round "3"]
[White "Chin, Karin"]
[Black "Hannes, Diana"]
[Result "1-0"]
[Termination "normal"]
[Board "5.3"]
[WhiteElo "2053"]
[BlackElo "2036"]
[WhiteTeam "Hamburg"]
[BlackTeam "Thüringen"]
[PlyCount "63"]
[WhiteFideId "24608157"]
[BlackFideId "24611344"]
[EventCountry "GER"]
[EventRounds "7"]
[EventType "team-swiss"]
[EventDate "2007.09.28"]

1. e4 c5 2. c3 Nf6 3. e5 Nd5 4. d4 cxd4 5. cxd4 Nc6 6. Nf3 d6 7. Bc4 Nb6 8. Bb3
d5 9. Nh4 e6 10. Nf3 Be7 11. O-O O-O 12. Re1 f6 13. exf6 Bxf6 14. Nc3 Bd7 15.
Ne2 Qe7 16. Bf4 Be8 17. Nc3 Rd8 18. h3 a6 19. Rc1 Qd7 20. Bc2 h6 21. g4 g5 22.
Bg3 Qf7 23. Bb1 Nc4 24. Rc2 Bh8 25. Kg2 Nb4 26. Rc1 Nxb2 27. Qd2 Qxf3+ 28. Kg1
N2d3 29. Re3 Qf6 30. Bxd3 Qxd4 31. Ne2 Qb6 32. Bc7 1-0

[Event "DLM 2007"]
[Site "Verden/Aller GER"]
[Date "2007.09.30"]
[Round "3"]
[White "Jacobi, Robin"]
[Black "Moshtael, Wesal"]
[Result "0-1"]
[Termination "normal"]
[Board "5.4"]
[WhiteElo "2006"]
[BlackElo "2113"]
[WhiteTeam "Thüringen"]
[BlackTeam "Hamburg"]
[PlyCount "84"]
[WhiteFideId "24646962"]
[BlackFideId "24618551"]
[EventCountry "GER"]
[EventRounds "7"]
[EventType "team-swiss"]
[EventDate "2007.09.28"]

1. Nf3 Nf6 2. g3 g6 3. Bg2 Bg7 4. O-O O-O 5. d3 d6 6. e4 Nbd7 7. Nbd2 c5 8. Re1
Qc7 9. h4 Rb8 10. Nf1 b5 11. N1h2 b4 12. Be3 a5 13. Qc1 c4 14. Bh6 cxd3 15.
Bxg7 Kxg7 16. cxd3 Qxc1 17. Raxc1 Ba6 18. Bf1 Rfc8 19. Nd2 Nb6 20. Nb3 a4 21.
Nd4 Bb7 22. Bh3 Nbd7 23. f4 Rxc1 24. Rxc1 Nc5 25. Bf1 Nh5 26. Kf2 Rc8 27. Rc4
Ba6 28. Rxb4 Bxd3 29. Bh3 Nxe4+ 30. Ke3 Rc1 31. Bg2 Nc5 32. g4 Nf6 33. Nc6 Re1+
34. Kd4 Be4 35. g5 Bxg2 36. gxf6+ exf6 37. Rb6 Re4+ 38. Kc3 Rxf4 39. Rb4 Rf2
40. Ng4 Rf3+ 41. Kc2 f5 42. Nd4 fxg4 0-1

[Event "DLM 2007"]
[Site "Verden/Aller GER"]
[Date "2007.09.30"]
[Round "3"]
[White "Smolkina, Milana"]
[Black "Tischer, Jana"]
[Result "0-1"]
[Termination "normal"]
[Board "5.5"]
[WhiteElo "1885"]
[BlackElo "1863"]
[WhiteTeam "Hamburg"]
[BlackTeam "Thüringen"]
[PlyCount "68"]
[WhiteFideId "24618780"]
[BlackFideId "24617164"]
[EventCountry "GER"]
[EventRounds "7"]
[EventType "team-swiss"]
[EventDate "2007.09.28"]

1. e4 c5 2. Nf3 Nc6 3. d4 cxd4 4. Nxd4 Nf6 5. Nc3 e5 6. Ndb5 d6 7. Nd5 Nxd5 8.
exd5 Nb8 9. Be3 Be7 10. Qd2 a6 11. Na3 Nd7 12. Nc4 O-O 13. Bd3 f5 14. f3 Bh4+
15. g3 f4 16. Bf2 Bg5 17. g4 Nc5 18. h4 Nxd3+ 19. Qxd3 Be7 20. O-O-O b5 21. Nd2
Bd7 22. Ne4 Be8 23. h5 b4 24. Nd2 Bb5 25. Qe4 Qc7 26. Kb1 a5 27. Rc1 Rfb8 28.
Rhd1 a4 29. c4 bxc3 30. Qc2 Be2 31. Re1 Rxb2+ 32. Qxb2 Bd3+ 33. Qc2 Bxc2+ 34.
Rxc2 Qb7+ 0-1

[Event "DLM 2007"]
[Site "Verden/Aller GER"]
[Date "2007.09.30"]
[Round "3"]
[White "Pältz, Sebastian"]
[Black "Müller, Tobias"]
[Result "0-1"]
[Termination "normal"]
[Board "5.6"]
[WhiteElo "1798"]
[BlackElo "1585"]
[WhiteTeam "Thüringen"]
[BlackTeam "Hamburg"]
[PlyCount "133"]
[WhiteFideId "24648027"]
[BlackFideId "24643394"]
[EventCountry "GER"]
[EventRounds "7"]
[EventType "team-swiss"]
[EventDate "2007.09.28"]

1. e4 c5 2. c3 d5 3. exd5 Qxd5 4. d4 Nf6 5. Nf3 Bg4 6. Be2 e6 7. Be3 cxd4 8.
cxd4 Nc6 9. O-O Be7 10. h3 Bh5 11. Nc3 Qd6 12. Qd2 a6 13. Rfd1 Nb4 14. Bf4 Qd8
15. Be5 O-O 16. Qg5 Bg6 17. Qg3 Nbd5 18. Nxd5 Qxd5 19. Bd3 Nh5 20. Qh2 Bxd3 21.
Rxd3 Rac8 22. Bc7 Nf6 23. Rb3 Ne4 24. Qe5 Qc6 25. Re1 Rxc7 26. Qxe4 Qxe4 27.
Rxe4 b5 28. Ree3 Rfc8 29. Ne5 Bd6 30. Nd3 Rc4 31. Re4 e5 32. g3 Rxd4 33. Rxd4
exd4 34. a4 Rb8 35. axb5 Rxb5 36. Rxb5 axb5 37. Kg2 f5 38. Kf3 Kf7 39. Ke2 Ke6
40. Ne1 Kd5 41. Kd3 h6 42. Nc2 Bc5 43. b4 Bb6 44. Na3 Kc6 45. Nc2 g6 46. Nxd4+
Kd5 47. Nxb5 Bxf2 48. Nc3+ Kc6 49. Ne2 Kb5 50. Kc3 Be1+ 51. Kb3 Bxb4 52. Nd4+
Kc5 53. Ne6+ Kd6 54. Nf8 Be1 55. Nxg6 Bxg3 56. Kc4 Ke6 57. Kd4 Kf7 58. Ne5+
Bxe5+ 59. Kxe5 Kg6 60. Kf4 h5 61. h4 Kf6 62. Kf3 Ke5 63. Ke3 f4+ 64. Kf2 Ke4
65. Ke2 f3+ 66. Kf2 Kf4 67. Kf1 0-1

[Event "DLM 2007"]
[Site "Verden/Aller GER"]
[Date "2007.09.30"]
[Round "3"]
[White "Pfeiffer, Daniel"]
[Black "Urban, Lars"]
[Result "0-1"]
[Termination "normal"]
[Board "5.7"]
[WhiteElo "1726"]
[BlackElo "1467"]
[WhiteTeam "Hamburg"]
[BlackTeam "Thüringen"]
[PlyCount "54"]
[WhiteFideId "24641960"]
[BlackFideId "4644034"]
[EventCountry "GER"]
[EventRounds "7"]
[EventType "team-swiss"]
[EventDate "2007.09.28"]

1. e4 e6 2. d4 d5 3. Nc3 Nf6 4. Bg5 h6 5. Bxf6 gxf6 6. exd5 exd5 7. Qf3 Be6 8.
O-O-O c6 9. Re1 Nd7 10. Qh5 Qe7 11. f4 f5 12. Bd3 Nf6 13. Qe2 Ne4 14. Nd1 Qc7
15. Nh3 O-O-O 16. Ndf2 Rg8 17. Rhg1 Re8 18. Qf3 Qb6 19. c3 Bd6 20. g4 fxg4 21.
Nxg4 Bxg4 22. Rxg4 Nxc3 23. bxc3 Rxe1+ 24. Kd2 Rge8 25. Rg1 Qb2+ 26. Bc2 Qc1+
27. Kd3 R8e3+ 0-1

[Event "DLM 2007"]
[Site "Verden/Aller GER"]
[Date "2007.09.30"]
[Round "3"]
[White "Schätz, Bianca"]
[Black "Ludwig, Maria"]
[Result "1-0"]
[Termination "normal"]
[Board "5.8"]
[WhiteElo "1108"]
[BlackElo "754"]
[WhiteTeam "Thüringen"]
[BlackTeam "Hamburg"]
[PlyCount "49"]
[WhiteFideId "24655821"]
[BlackFideId "24655791"]
[EventCountry "GER"]
[EventRounds "7"]
[EventType "team-swiss"]
[EventDate "2007.09.28"]

1. e4 e5 2. Nf3 Nc6 3. Bc4 Nd4 4. c3 Bc5 5. cxd4 exd4 6. d3 Nf6 7. O-O d6 8.
Nbd2 Nh5 9. Nb3 Qf6 10. Ng5 Be6 11. Bxe6 fxe6 12. Qxh5+ g6 13. Qg4 Kd8 14.
Nxe6+ Ke7 15. Bg5 h5 16. Bxf6+ Kxf6 17. Qh3 Rag8 18. Nexc5 dxc5 19. Nxc5 g5 20.
Qf5+ Ke7 21. Qe6+ Kf8 22. Nd7+ Kg7 23. f4 Rf8 24. fxg5 Re8 25. Qf7# 1-0